| 000 | 00753nam a22002537a 4500 | ||
|---|---|---|---|
| 003 | OSt | ||
| 005 | 20251103141010.0 | ||
| 008 | 251103b |||||||| |||| 00| 0 eng d | ||
| 020 | _a9781032747224 | ||
| 040 | _cHS LRC | ||
| 050 |
_aQA 76.9.M68 _b.W246 2025 |
||
| 100 |
_aWang, Peng _9130298 |
||
| 245 |
_aMultilingual artificial intelligence / _cPeng Wang and Pete Smith |
||
| 260 |
_aLondon : _bRoutledge, _cc2025. |
||
| 265 | _aFFB | ||
| 300 |
_axiii, 164 pages : _billustrations ; _c25 cm. |
||
| 365 | _b4,970.00 | ||
| 504 | _aIncludes references and index. | ||
| 650 |
_aMulti-lingual computing _9130299 |
||
| 650 |
_aArtificial intelligence _921034 |
||
| 650 |
_aMachine learning _981820 |
||
| 700 |
_aSmith, Pete _9130300 |
||
| 942 |
_2lcc _cBK |
||
| 999 |
_c93428 _d93428 |
||